<?xml version="1.0" encoding="UTF-8"?>
<marc:record xmlns:marc="http://www.loc.gov/MARC21/slim">
   <marc:leader>00000nam a2200000 a 4500</marc:leader>
   <marc:datafield ind1="1" ind2=" " tag="100">
      <marc:subfield code="a">Nestor, James</marc:subfield>
      <marc:subfield code="4">aut</marc:subfield>
      <marc:subfield code="e">Verfasser/-in</marc:subfield>
   </marc:datafield>
   <marc:datafield ind1="1" ind2=" " tag="100">
      <marc:subfield code="a">Schuler, Karin</marc:subfield>
      <marc:subfield code="4">trl</marc:subfield>
      <marc:subfield code="e">Übersetzer/-in</marc:subfield>
   </marc:datafield>
   <marc:datafield ind1="1" ind2=" " tag="100">
      <marc:subfield code="a">Reuter, Helmut</marc:subfield>
      <marc:subfield code="4">trl</marc:subfield>
      <marc:subfield code="e">Übersetzer/-in</marc:subfield>
   </marc:datafield>
   <marc:datafield ind1="1" ind2=" " tag="100">
      <marc:subfield code="a">Nestor, James</marc:subfield>
   </marc:datafield>
   <marc:datafield ind1=" " ind2=" " tag="653">
      <marc:subfield code="a">Abenteuer</marc:subfield>
   </marc:datafield>
   <marc:datafield ind1=" " ind2=" " tag="653">
      <marc:subfield code="a">Tiefsee</marc:subfield>
   </marc:datafield>
   <marc:datafield ind1=" " ind2=" " tag="653">
      <marc:subfield code="a">Tauchen</marc:subfield>
   </marc:datafield>
   <marc:datafield ind1=" " ind2=" " tag="653">
      <marc:subfield code="a">Freitauchen</marc:subfield>
   </marc:datafield>
   <marc:datafield ind1=" " ind2=" " tag="653">
      <marc:subfield code="a">Ozean</marc:subfield>
   </marc:datafield>
   <marc:datafield ind1=" " ind2=" " tag="653">
      <marc:subfield code="a">Softcover / Reiseberichte</marc:subfield>
   </marc:datafield>
   <marc:datafield ind1=" " ind2=" " tag="653">
      <marc:subfield code="a">Reiseerzählungen/Welt</marc:subfield>
   </marc:datafield>
   <marc:datafield ind1=" " ind2=" " tag="653">
      <marc:subfield code="a">Arktis</marc:subfield>
   </marc:datafield>
   <marc:datafield ind1=" " ind2=" " tag="653">
      <marc:subfield code="a">Antarktis</marc:subfield>
   </marc:datafield>
   <marc:datafield ind1=" " ind2=" " tag="653">
      <marc:subfield code="a">Erlebnisbericht</marc:subfield>
   </marc:datafield>
   <marc:datafield ind1="0" ind2="0" tag="245">
      <marc:subfield code="a">Deep Sea</marc:subfield>
   </marc:datafield>
   <marc:datafield ind1="0" ind2="0" tag="245">
      <marc:subfield code="b">eine Reise zum Grund des Ozeans</marc:subfield>
   </marc:datafield>
   <marc:datafield ind1="0" ind2="0" tag="245">
      <marc:subfield code="c">James Nestor. Aus dem Amerikan. von Helmut Reuter und Karin Schuler</marc:subfield>
   </marc:datafield>
   <marc:datafield ind1=" " ind2="1" tag="264">
      <marc:subfield code="a">München</marc:subfield>
      <marc:subfield code="b">Malik</marc:subfield>
      <marc:subfield code="c">2014</marc:subfield>
   </marc:datafield>
   <marc:datafield ind1="1" ind2=" " tag="520">
      <marc:subfield code="a">Angaben aus der Verlagsmeldung

Deep Sea : Eine Reise zum Grund des Ozeans Deep. Freediving, Renegade Science, and What the Ocean Tells Us About Ourselves / von James Nestor

Der Journalist und passionierte Taucher James Nestor reist durch die Unterwasserwelt: von einer Tiefe, in der Freediver gerade noch überleben können, bis zum tiefsten Punkt der Erde, dem Mariannengraben. Dabei erkundet er die letzten Geheimnisse unseres Planeten.
Ein Besuch der Apnoe-Weltmeisterschaft wird für James Nestor zum Beginn eines persönlichen Abenteuers: Fasziniert von der Kompromisslosigkeit dieses Sports, erlernt er selbst das Freediving - Tauchen ohne Geräte, mit nur einem Atemzug. Und fortan zieht es ihn immer tiefer in die verborgene Welt der Ozeane hinab: Er besucht eine Forschungsstation zwanzig Meter unter der Meeresoberfläche, trifft renommierte Meeresbiologen bei ihrer Arbeit, schwimmt mit Walen und geht im U-Boot auf Tauchstation. Dabei erkundet er einen unfassbar reichen Lebensraum, mit telepathischen Korallen, leuchtenden Fischen und rätselhaften Riesenkraken. Bis er schließlich den tiefsten Punkt der Erde erreicht - die absolute Grenze für Mensch und Technik. Eine grandiose Entdeckungsreise, die zugleich zu unseren Wurzeln führt.
</marc:subfield>
   </marc:datafield>
   <marc:datafield ind1=" " ind2=" " tag="020">
      <marc:subfield code="a">9783890297668</marc:subfield>
      <marc:subfield code="9">9783890297668</marc:subfield>
   </marc:datafield>
   <marc:datafield ind1=" " ind2=" " tag="020">
      <marc:subfield code="a">3890297668</marc:subfield>
      <marc:subfield code="9">3890297668</marc:subfield>
   </marc:datafield>
   <marc:datafield ind1=" " ind2=" " tag="300">
      <marc:subfield code="a">319 S.</marc:subfield>
   </marc:datafield>
</marc:record>
